[Event "HUN-chT2 Breyer 1819"]
[Site "Hungary"]
[Date "2019.03.31"]
[Round "8.5"]
[White "Kulcsar, Tamas"]
[Black "Toth, Gabor"]
[Result "0-1"]
[WhiteElo "2057"]
[BlackElo "2147"]
[PlyCount "66"]
[EventDate "2018.10.28"]
[EventType "team-tourn"]
[EventRounds "9"]
[EventCountry "HUN"]
[SourceTitle "EXT 2021"]
[Source "ChessBase"]
[SourceDate "2020.10.23"]
[SourceVersion "1"]
[SourceVersionDate "2020.10.23"]
[SourceQuality "1"]
[WhiteTeam "Vizugy"]
[BlackTeam "Budapest HASE"]
[WhiteTeamCountry "HUN"]
[BlackTeamCountry "HUN"]

1. d4 d5 2. Nf3 Nf6 3. c4 c6 4. Nc3 e6 5. e3 Nbd7 6. Bd3 dxc4 7. Bxc4 b5 8. Bd3 b4 9. Ne4 c5 10. Qa4 cxd4 11. exd4 Bb7 12. Nxf6+ gxf6 13. Bd2 Rg8 14. Kf1 Qb6 15. Bxh7 Rxg2 16. Kxg2 Qxd4 17. h3 Qd5 18. Qb3 Ne5 19. Qxd5 Bxd5 20. Kf1 Nxf3 21. Ke2 Nxd2 22. Kxd2 Bxh1 23. Rxh1 f5 24. h4 Ke7 25. h5 Bh6+ 26. Kd3 Rh8 27. Bxf5 exf5 28. Kc4 Rb8 29. Kc5 b3 30. a4 Bg7 31. Re1+ Kf8 32. Re2 Rc8+ 33. Kb4 Rc2 0-1

[Event "HUN-chT2 Breyer 1819"]
[Site "Hungary"]
[Date "2019.01.27"]
[Round "4.5"]
[White "Rummel, Zsolt"]
[Black "Toth, Gabor"]
[Result "1/2-1/2"]
[WhiteElo "2010"]
[BlackElo "2147"]
[PlyCount "30"]
[EventDate "2018.10.28"]
[EventType "team-tourn"]
[EventRounds "9"]
[EventCountry "HUN"]
[SourceTitle "CBM 189 Extra"]
[Source "ChessBase"]
[SourceDate "2019.06.03"]
[SourceVersion "1"]
[SourceVersionDate "2019.06.03"]
[SourceQuality "1"]
[WhiteTeam "Zsambek"]
[BlackTeam "Budapest HASE"]
[WhiteTeamCountry "HUN"]
[BlackTeamCountry "HUN"]

1. e4 d6 2. Nc3 g6 3. g3 Bg7 4. Bg2 c5 5. Nf3 Nc6 6. 0-0 e5 7. d3 Nge7 8. Be3 0-0 9. Qd2 Nd4 10. Nh4 Be6 11. f4 exf4 12. Bxf4 Qd7 13. Rf2 Rae8 14. Raf1 b5 15. Bh6 b4 1/2-1/2

[Event "HUN-chT2 Charousek 1819"]
[Site "Hungary"]
[Date "2018.11.18"]
[Round "4.11"]
[White "Toth, Gabor"]
[Black "Biro, Laszlo"]
[Result "1/2-1/2"]
[WhiteElo "2147"]
[BlackElo "1993"]
[PlyCount "40"]
[EventDate "2018.09.23"]
[EventType "team-tourn"]
[EventRounds "11"]
[EventCountry "HUN"]
[SourceTitle "CBM 189 Extra"]
[Source "ChessBase"]
[SourceDate "2019.06.03"]
[SourceVersion "1"]
[SourceVersionDate "2019.06.03"]
[SourceQuality "1"]
[WhiteTeam "Budapest HASE"]
[BlackTeam "Budapest HUSI"]
[WhiteTeamCountry "HUN"]
[BlackTeamCountry "HUN"]

1. e4 d5 2. exd5 Qxd5 3. Nc3 Qd8 4. d4 Nf6 5. Nf3 Bg4 6. Be2 e6 7. 0-0 Be7 8. h3 Bxf3 9. Bxf3 c6 10. b3 0-0 11. Bb2 Nbd7 12. Qe2 Re8 13. Rad1 Qc7 14. Nb1 a5 15. a4 Nd5 16. c4 Nb4 17. Nc3 Nf6 18. Rfe1 Rad8 19. Be4 Nxe4 20. Nxe4 f5 1/2-1/2

[Event "HUN-chT2 Maroczy 1718"]
[Site "Hungary"]
[Date "2017.11.26"]
[Round "2.10"]
[White "Pribelszky, Bence"]
[Black "Toth, Gabor"]
[Result "1-0"]
[WhiteElo "2107"]
[BlackElo "2172"]
[PlyCount "201"]
[EventDate "2017.10.29"]
[EventType "team-tourn"]
[EventRounds "9"]
[EventCountry "HUN"]
[SourceTitle "EXT 2021"]
[Source "ChessBase"]
[SourceDate "2020.10.23"]
[SourceVersion "1"]
[SourceVersionDate "2020.10.23"]
[SourceQuality "1"]
[WhiteTeam "Miskolc KisBocsok"]
[BlackTeam "Budapest HASE"]
[WhiteTeamCountry "HUN"]
[BlackTeamCountry "HUN"]

1. e4 c5 2. Nf3 d6 3. d4 cxd4 4. Nxd4 Nf6 5. Nc3 a6 6. Be2 e5 7. Nb3 Be7 8. 0-0 0-0 9. Be3 Be6 10. Qd3 Nbd7 11. Nd5 Bxd5 12. exd5 Rc8 13. c4 Re8 14. Rac1 Bf8 15. Nd2 Nc5 16. Qb1 a5 17. b3 Nfd7 18. a3 Na6 19. b4 axb4 20. axb4 Nc7 21. Qb3 b6 22. Ra1 Rb8 23. Ra7 f5 24. f3 Nf6 25. Qa4 b5 26. Qa5 Ncxd5 27. cxd5 Qxa5 28. Rxa5 Nxd5 29. Ba7 Nc3 30. Bxb8 Rxb8 31. Bd3 d5 32. Bxf5 Bxb4 33. Be6+ Kf8 34. Nb3 Bxa5 35. Nxa5 Ra8 36. Ra1 Ra6 37. Bf5 Rf6 38. Bd3 e4 39. fxe4 dxe4 40. Bf1 e3 41. Re1 Re6 42. Bd3 h6 43. Nb3 Re5 44. Na1 b4 45. Nc2 b3 46. Nxe3 b2 47. Rf1+ Ke7 48. Nc4 Rb5 49. Re1+ Kf6 50. Na3 Rb4 51. Nb1 Nd5 52. Kf2 g5 53. g3 h5 54. Re4 Rb6 55. Ke2 Rc6 56. Kd2 Rc1 57. Re1 Rxe1 58. Kxe1 g4 59. Kd2 Kg5 60. Nc3 Nb4 61. Ne4+ Kh6 62. Bb1 Nc6 63. Ke3 Ne5 64. Kf4 Nf3 65. h3 Nh2 66. h4 Nf1 67. Kf5 Ne3+ 68. Ke5 Nc4+ 69. Kd4 Nb6 70. Kc3 Kg6 71. Kxb2 Kf5 72. Kc3 Ke5 73. Kd3 Nd5 74. Nf2 Nf4+ 75. Kd2 Ng2 76. Bg6 Nxh4 77. gxh4 Kf4 78. Bxh5 Kg3 79. Bxg4 Kxh4 80. Ke3 Kg5 81. Ke4 Kf6 82. Kd5 Kg6 83. Ke5 Kf7 84. Ne4 Kg6 85. Ke6 Kg7 86. Bh5 Kh8 87. Bf7 Kg7 88. Ke7 Kh8 89. Kf6 Kh7 90. Ng5+ Kh6 91. Nf3 Kh7 92. Nh4 Kh8 93. Be8 Kh7 94. Bh5 Kh6 95. Bf7 Kh7 96. Ng6 Kh6 97. Bg8 Kh5 98. Ne5 Kh4 99. Kf5 Kg3 100. Ng4 Kf3 101. Bc4 1-0

[Event "HUN-chT2 Barcza 1314"]
[Site "Hungary"]
[Date "2013.11.03"]
[Round "4"]
[White "Toth, Gabor"]
[Black "Horvath, Kristof"]
[Result "1/2-1/2"]
[WhiteElo "2193"]
[BlackElo "1867"]
[PlyCount "153"]
[EventDate "2013.09.08"]
[EventType "team-tourn"]
[EventRounds "11"]
[EventCountry "HUN"]
[SourceTitle "EXT 2016"]
[Source "ChessBase"]
[SourceDate "2015.10.08"]
[SourceVersion "1"]
[SourceVersionDate "2015.10.08"]
[SourceQuality "1"]
[WhiteTeam "Hajduszoboszlo"]
[BlackTeam "Miskolc EMSE"]
[WhiteTeamCountry "HUN"]
[BlackTeamCountry "HUN"]

1. e4 e5 2. Nf3 Nc6 3. Bc4 Nf6 4. d3 Be7 5. c3 0-0 6. Nbd2 d6 7. Bb3 h6 8. Nf1 Nh7 9. Ne3 Ng5 10. Nxg5 Bxg5 11. Qh5 Kh7 12. h4 Bxe3 13. Bxe3 f5 14. exf5 Bxf5 15. Qe2 Qd7 16. Rg1 Ne7 17. g4 Be6 18. Bc2 d5 19. d4+ e4 20. f3 Qc6 21. fxe4 dxe4 22. Bxh6 Bd5 23. Bg5 Rae8 24. 0-0-0 Ng6 25. Kb1 Bc4 26. Qd2 Rf3 27. h5 Nf8 28. Be3 Qa6 29. b3 Bd3 30. Bxd3 Qxd3+ 31. Qxd3 exd3 32. Bd2 Re2 33. Kc1 Ne6 34. Rdf1 Rh3 35. Re1 Rhh2 36. Rxe2 dxe2 37. b4 Rf2 38. Re1 Rg2 39. g5 Nxg5 40. Bxg5 Rxg5 41. Rxe2 Rxh5 42. Re7 Kh6 43. Rxc7 g5 44. Kd2 g4 45. Rc5 Rh3 46. Re5 Rf3 47. Re3 Rf7 48. d5 b5 49. d6 Rd7 50. Rd3 Kg5 51. Ke3 Kh4 52. Kf2 Kg5 53. Ke3 Kh4 54. Kf2 Kg5 55. Kg3 Kf5 56. Rd4 a6 57. Rd2 Ke5 58. Kxg4 Rxd6 59. Rxd6 Kxd6 60. Kf4 Kd5 61. Ke3 Ke5 62. Kd3 Kd5 63. a3 Ke5 64. c4 bxc4+ 65. Kxc4 Kd6 66. Kb3 Kd5 67. Kc3 Kc6 68. a4 Kc7 69. Kd3 Kd7 70. Ke4 Ke6 71. Kd4 Kd6 72. Kc4 Kc6 73. Kb3 Kd6 74. Kb2 Kd7 75. b5 axb5 76. axb5 Kc7 77. b6+ 1/2-1/2

[Event "Balaton op 31st"]
[Site "Heviz"]
[Date "2013.09.27"]
[Round "5"]
[White "Toth, Gabor"]
[Black "Nagy, Ervin"]
[Result "0-1"]
[WhiteElo "2193"]
[BlackElo "2282"]
[PlyCount "116"]
[EventDate "2013.09.23"]
[EventType "swiss"]
[EventRounds "9"]
[EventCountry "HUN"]
[SourceTitle "EXT 2014"]
[Source "ChessBase"]
[SourceDate "2013.11.20"]
[SourceVersion "1"]
[SourceVersionDate "2013.11.20"]
[SourceQuality "1"]

1. e4 c5 2. Nf3 d6 3. d4 cxd4 4. Nxd4 Nf6 5. Nc3 e6 6. g4 h6 7. h4 Nc6 8. Rg1 h5 9. gxh5 Nxh5 10. Bg5 Nf6 11. Rg3 a6 12. Nxc6 bxc6 13. Qf3 e5 14. Bc4 Be6 15. Bxe6 fxe6 16. 0-0-0 Rb8 17. b3 Rb7 18. Qd3 Qa5 19. Qc4 Kd7 20. Na4 d5 21. Qe2 Ba3+ 22. Nb2 Bd6 23. Bxf6 gxf6 24. Rg7+ Kc8 25. Rxb7 Kxb7 26. Kb1 Rxh4 27. f3 Bc5 28. Qg2 Qc7 29. Qg6 Qe7 30. c4 Bd4 31. cxd5 exd5 32. exd5 cxd5 33. Qg8 Qh7+ 34. Qxh7+ Rxh7 35. Nd3 Be3 36. Nb4 d4 37. Nd5 Bg5 38. f4 exf4 39. Rxd4 f3 40. Rd1 Rh2 41. Rf1 Rh3 42. Kc2 Kc6 43. Nb4+ Kd6 44. Nxa6 Ke5 45. Nc5 Kd4 46. Nd3 Rh2+ 47. Rf2 Rg2 48. Rxg2 fxg2 49. Ne1 Ke3 50. Nxg2+ Kf2 51. Kd3 f5 52. Ne1 Kxe1 53. a4 Kf2 54. b4 Bd8 55. Kc4 f4 56. a5 f3 57. Kb5 Ke3 58. a6 f2 0-1

[Event "HUN-chT2 Maroczy 1213"]
[Site "Hungary"]
[Date "2012.11.04"]
[Round "3"]
[White "Peczely, Sebastian Zsombor"]
[Black "Toth, Gabor"]
[Result "1/2-1/2"]
[WhiteElo "2085"]
[BlackElo "2205"]
[PlyCount "57"]
[EventDate "2012.09.16"]
[EventType "team-tourn"]
[EventRounds "11"]
[EventCountry "HUN"]
[SourceTitle "EXT 2014"]
[Source "ChessBase"]
[SourceDate "2013.11.20"]
[SourceVersion "1"]
[SourceVersionDate "2013.11.20"]
[SourceQuality "1"]
[WhiteTeam "Roeszke"]
[BlackTeam "Hajduszoboszlo"]
[WhiteTeamCountry "HUN"]
[BlackTeamCountry "HUN"]

1. e4 c5 2. Nf3 g6 3. d4 cxd4 4. Nxd4 Bg7 5. c4 Nc6 6. Be3 d6 7. Nc3 Nf6 8. Be2 0-0 9. 0-0 a6 10. Rc1 Bd7 11. b3 Nxd4 12. Bxd4 b5 13. c5 e5 14. Be3 dxc5 15. Bxc5 Re8 16. f3 Bh6 17. Rc2 Be6 18. Qxd8 Raxd8 19. Rd1 Rxd1+ 20. Nxd1 Rc8 21. Bd3 Bf8 22. Bf2 Rxc2 23. Bxc2 Ba3 24. Kf1 Kf8 25. Ke2 Nd7 26. Be3 Ke7 27. Nf2 f6 28. Nd3 Kd6 29. Kd2 1/2-1/2

[Event "HUN-chT2 Maroczy 1213"]
[Site "Hungary"]
[Date "2012.09.16"]
[Round "1"]
[White "Eperjesi, Laszlo"]
[Black "Toth, Gabor"]
[Result "1-0"]
[WhiteElo "2228"]
[BlackElo "2205"]
[PlyCount "107"]
[EventDate "2012.09.16"]
[EventType "team-tourn"]
[EventRounds "11"]
[EventCountry "HUN"]
[SourceTitle "EXT 2014"]
[Source "ChessBase"]
[SourceDate "2013.11.20"]
[SourceVersion "1"]
[SourceVersionDate "2013.11.20"]
[SourceQuality "1"]
[WhiteTeam "Vasas"]
[BlackTeam "Hajduszoboszlo"]
[WhiteTeamCountry "HUN"]
[BlackTeamCountry "HUN"]

1. d4 d5 2. c4 c6 3. e3 Nf6 4. Nc3 e6 5. Nf3 Nbd7 6. Qc2 Bd6 7. Bd3 0-0 8. 0-0 e5 9. cxd5 cxd5 10. e4 dxe4 11. Nxe4 Nxe4 12. Bxe4 h6 13. Be3 exd4 14. Nxd4 Nf6 15. Bf5 Ng4 16. Bxg4 Bxg4 17. h3 Bd7 18. Rfd1 Qf6 19. Qb3 b6 20. a4 Rad8 21. a5 Bc5 22. Qc4 Rc8 23. b4 Bxd4 24. Qxd4 Qxd4 25. Bxd4 bxa5 26. Bxa7 Bb5 27. Rxa5 Bc4 28. b5 Rfd8 29. Rxd8+ Rxd8 30. b6 Rd1+ 31. Kh2 Rb1 32. Kg3 Be6 33. Kf4 Rb4+ 34. Ke5 Kf8 35. Rc5 Ke8 36. f4 Kd8 37. f5 Bd7 38. g4 Rb1 39. Bb8 Ke8 40. Bc7 Bc8 41. f6 Re1+ 42. Kd4 g5 43. Bg3 Rd1+ 44. Ke5 Bb7 45. Bf2 Kd8 46. h4 Rd2 47. hxg5 Re2+ 48. Kd4 Rxf2 49. gxh6 Rf4+ 50. Ke5 Rxg4 51. h7 Rh4 52. Rc7 Rxh7 53. Rxb7 Rh1 54. Rxf7 1-0

[Event "HUN-chT2 Breyer 1213"]
[Site "Hungary"]
[Date "2012.09.16"]
[Round "1.8"]
[White "Vagvolgyi, Istvan"]
[Black "Toth, Gabor"]
[Result "1/2-1/2"]
[WhiteElo "1905"]
[BlackElo "2205"]
[PlyCount "29"]
[EventDate "2012.09.16"]
[EventType "team-tourn"]
[EventRounds "11"]
[EventCountry "HUN"]
[SourceTitle "EXT 2014"]
[Source "ChessBase"]
[SourceDate "2013.11.20"]
[SourceVersion "1"]
[SourceVersionDate "2013.11.20"]
[SourceQuality "1"]
[WhiteTeam "Zoltek"]
[BlackTeam "Torokbalint"]
[WhiteTeamCountry "HUN"]
[BlackTeamCountry "HUN"]

1. e4 d5 2. exd5 Qxd5 3. Nc3 Qa5 4. d4 Nf6 5. Nf3 Bg4 6. Be2 e6 7. 0-0 c6 8. Be3 Bd6 9. h3 Bh5 10. Nh4 Nbd7 11. Bxh5 Qxh5 12. Qxh5 Nxh5 13. Ne4 Bc7 14. c4 0-0 15. Rfd1 1/2-1/2

[Event "HUN-chT2 Maroczy 1112"]
[Site "Hungary"]
[Date "2012.05.06"]
[Round "10"]
[White "Toth, Gabor"]
[Black "Racz, Zoltan"]
[Result "0-1"]
[WhiteElo "2193"]
[BlackElo "2279"]
[PlyCount "68"]
[EventDate "2011.09.25"]
[EventType "team-tourn"]
[EventRounds "11"]
[EventCountry "HUN"]
[SourceTitle "EXT 2013"]
[Source "ChessBase"]
[SourceDate "2012.11.22"]
[SourceVersion "1"]
[SourceVersionDate "2012.11.22"]
[SourceQuality "1"]
[WhiteTeam "Hajduszoboszlo"]
[BlackTeam "Nyiregyhaza"]
[WhiteTeamCountry "HUN"]
[BlackTeamCountry "HUN"]

1. e4 e5 2. Nf3 Nc6 3. Bc4 Bc5 4. c3 Nf6 5. d3 d6 6. b4 Bb6 7. a4 a6 8. Nbd2 0-0 9. Ba2 Ne7 10. Nc4 Ba7 11. Bg5 Ng6 12. Qd2 Be6 13. h4 d5 14. Ncxe5 dxe4 15. Nxg6 Re8 16. Nfe5 hxg6 17. d4 Bxa2 18. Qxa2 Qd5 19. Qe2 Bxd4 20. cxd4 Qxd4 21. 0-0 Qxe5 22. Rac1 Rad8 23. b5 axb5 24. axb5 Rd5 25. Rc4 Rxb5 26. Bxf6 gxf6 27. Rxc7 Qxc7 28. Qxb5 Re5 29. Qa4 b5 30. Qa8+ Kg7 31. Rd1 e3 32. fxe3 Qc3 33. e4 Qe3+ 34. Kh2 Rxe4 0-1

[Event "HUN-chT2 Maroczy 1112"]
[Site "Hungary"]
[Date "2012.04.22"]
[Round "9"]
[White "Borsos, Bogdan"]
[Black "Toth, Gabor"]
[Result "1/2-1/2"]
[WhiteElo "2239"]
[BlackElo "2193"]
[PlyCount "78"]
[EventDate "2011.09.25"]
[EventType "team-tourn"]
[EventRounds "11"]
[EventCountry "HUN"]
[SourceTitle "EXT 2013"]
[Source "ChessBase"]
[SourceDate "2012.11.22"]
[SourceVersion "1"]
[SourceVersionDate "2012.11.22"]
[SourceQuality "1"]
[WhiteTeam "Kazincbarcika"]
[BlackTeam "Hajduszoboszlo"]
[WhiteTeamCountry "HUN"]
[BlackTeamCountry "HUN"]

1. e4 e6 2. d3 d5 3. Nd2 c5 4. Ngf3 Nc6 5. g3 Nf6 6. Bg2 Be7 7. 0-0 0-0 8. e5 Nd7 9. Re1 b5 10. Nf1 a5 11. h4 b4 12. Bf4 a4 13. a3 bxa3 14. bxa3 Ra6 15. Ne3 Nd4 16. Nxd4 cxd4 17. Ng4 Rc6 18. Qd2 Kh8 19. Ra2 Qb6 20. h5 f5 21. Nh2 Rc3 22. h6 g6 23. Rea1 Ba6 24. Nf3 Rfc8 25. Bg5 Bf8 26. Qf4 Rxc2 27. Rxc2 Rxc2 28. Nxd4 Rb2 29. Bf6+ Kg8 30. Nxf5 Nxf6 31. exf6 exf5 32. f7+ Kxf7 33. Bxd5+ Kf6 34. Re1 Rxf2 35. Qe5+ Kg5 36. d4 Re2 37. Rxe2 Bxe2 38. Qf4+ Kf6 39. Qe5+ Kg5 1/2-1/2

[Event "HUN-chT2 Breyer 1112"]
[Site "Hungary"]
[Date "2012.03.11"]
[Round "7.8"]
[White "Toth, Gabor"]
[Black "Kovacs, Milan"]
[Result "1/2-1/2"]
[WhiteElo "2056"]
[BlackElo "2037"]
[PlyCount "71"]
[EventDate "2011.09.25"]
[EventType "team-tourn"]
[EventRounds "11"]
[EventCountry "HUN"]
[SourceTitle "EXT 2013"]
[Source "ChessBase"]
[SourceDate "2012.11.22"]
[SourceVersion "1"]
[SourceVersionDate "2012.11.22"]
[SourceQuality "1"]
[WhiteTeam "Torokbalint"]
[BlackTeam "Kisber Aszar"]
[WhiteTeamCountry "HUN"]
[BlackTeamCountry "HUN"]

1. e4 e5 2. Bc4 Nc6 3. Nf3 Bc5 4. 0-0 Nf6 5. Nc3 d6 6. d3 Bg4 7. Be3 Bb6 8. Nd5 Nxd5 9. Bxd5 Nd4 10. Bxd4 Bxd4 11. c3 c6 12. Bxf7+ Kxf7 13. cxd4 exd4 14. h3 Bxf3 15. Qxf3+ Qf6 16. Qxf6+ Kxf6 17. f4 Rae8 18. Rae1 Kg6 19. g4 h6 20. Kg2 Re7 21. Kg3 Rf8 22. h4 c5 23. b3 b6 24. f5+ Kf6 25. Kf4 g5+ 26. hxg5+ hxg5+ 27. Kg3 Rh8 28. Rh1 Reh7 29. Rxh7 Rxh7 30. Kg2 a5 31. a4 Rh4 32. Kg3 Ke5 33. Rc1 Rh7 34. Re1 Rh6 35. Rf1 Kf6 36. Kg2 1/2-1/2

[Event "HUN-chT2 Barcza 1011"]
[Site "Hungary"]
[Date "2010.11.21"]
[Round "6.5"]
[White "Toth, Gabor"]
[Black "Molnar, Balazs"]
[Result "1-0"]
[WhiteElo "2183"]
[BlackElo "2164"]
[PlyCount "79"]
[EventDate "2010.09.12"]
[EventType "team-tourn"]
[EventRounds "11"]
[EventCountry "HUN"]
[SourceTitle "EXT 2012"]
[Source "ChessBase"]
[SourceDate "2011.11.24"]
[SourceVersion "1"]
[SourceVersionDate "2011.11.24"]
[SourceQuality "1"]
[WhiteTeam "Hajduszoboszlo"]
[BlackTeam "Hajduboszormeny"]
[WhiteTeamCountry "HUN"]
[BlackTeamCountry "HUN"]

1. e4 e6 2. d4 d5 3. e5 c5 4. c3 Nc6 5. Nf3 Qb6 6. a3 a5 7. b3 Bd7 8. Be3 Rc8 9. Bd3 cxd4 10. cxd4 Na7 11. 0-0 Bb5 12. Ne1 Ne7 13. g4 Nec6 14. f4 Be7 15. Nf3 f6 16. exf6 Bxf6 17. g5 Be7 18. Ra2 Bxd3 19. Qxd3 Qb5 20. Qd1 0-0 21. Rg2 Qb6 22. a4 Bd6 23. g6 h6 24. Ng5 Rf6 25. Nf7 Bf8 26. Ne5 Nxe5 27. fxe5 Rxf1+ 28. Qxf1 Qc7 29. Rf2 Be7 30. Rf7 Rf8 31. Qf4 Bd6 32. exd6 Rxf7 33. dxc7 Rxf4 34. Bxf4 Kf8 35. Nc3 Ke7 36. Be5 Kd7 37. Nb5 Nc8 38. h4 h5 39. Kf2 Ne7 40. Na7 1-0

[Event "HUN-chT2 Barcza 0910"]
[Site "Hungary"]
[Date "2009.12.20"]
[Round "4.2"]
[White "Toth, Gabor"]
[Black "Adorjan, Attila"]
[Result "0-1"]
[WhiteElo "2183"]
[BlackElo "1918"]
[PlyCount "64"]
[EventDate "2009.11.08"]
[EventType "team-tourn"]
[EventRounds "11"]
[EventCountry "HUN"]
[SourceTitle "EXT 2011"]
[Source "ChessBase"]
[SourceDate "2010.11.26"]
[SourceVersion "1"]
[SourceVersionDate "2010.11.26"]
[SourceQuality "1"]
[WhiteTeam "HSSE"]
[BlackTeam "Nyiregyhaza"]
[WhiteTeamCountry "HUN"]
[BlackTeamCountry "HUN"]

1. c4 e5 2. Nc3 Nf6 3. g3 Nc6 4. Bg2 Bb4 5. a3 Bxc3 6. bxc3 e4 7. f3 Qe7 8. fxe4 Nxe4 9. d3 Nf6 10. Nh3 Qc5 11. e4 d6 12. Nf2 0-0 13. 0-0 Ng4 14. Qe2 Nxf2 15. Rxf2 Bd7 16. Rb1 Qa5 17. Rxb7 Rab8 18. Rxb8 Rxb8 19. Bb2 Ne5 20. d4 Bg4 21. Qf1 Ng6 22. Qd3 Qg5 23. Qc2 h5 24. Bc1 Qe7 25. h3 Bd7 26. Be3 d5 27. cxd5 Qxa3 28. e5 Qa1+ 29. Kh2 Ba4 30. Qf5 Rf8 31. Bd2 Bd1 32. Rf1 Qa4 0-1

[Event "HUN-chT2 Barcza 0708"]
[Site "Hungary"]
[Date "2008.03.16"]
[Round "8"]
[White "Toth, Gabor"]
[Black "Kovacs, Laszlo2222"]
[Result "1-0"]
[WhiteElo "2205"]
[BlackElo "2100"]
[PlyCount "71"]
[EventDate "2007.10.14"]
[EventType "team"]
[EventRounds "11"]
[EventCountry "HUN"]
[SourceTitle "EXT 2009"]
[Source "ChessBase"]
[SourceDate "2008.11.26"]
[SourceVersion "1"]
[SourceVersionDate "2008.11.26"]
[SourceQuality "1"]
[WhiteTeam "Hajduszoboszlo"]
[BlackTeam "Miskolc II"]
[WhiteTeamCountry "HUN"]
[BlackTeamCountry "HUN"]

1. c4 e6 2. e4 c5 3. Nf3 Nc6 4. d4 cxd4 5. Nxd4 Bb4+ 6. Nc3 Nf6 7. Nxc6 bxc6 8. Bd3 d5 9. cxd5 exd5 10. Qa4 Bxc3+ 11. bxc3 0-0 12. e5 Nd7 13. Qc2 Nxe5 14. Bxh7+ Kh8 15. Bd3 Qa5 16. 0-0 Nxd3 17. Qxd3 Kg8 18. Re1 Ba6 19. Qg3 Qd8 20. Bg5 f6 21. Bh6 Qd7 22. Re6 Kh7 23. Rxc6 Rf7 24. Rxa6 Kxh6 25. Rd1 Rd8 26. Qh4+ Kg6 27. g4 Rh8 28. Qg3 Rd8 29. Qh4 Rh8 30. Qg3 Rd8 31. g5 Qc7 32. f4 Qc5+ 33. Kh1 Kh5 34. g6 Re7 35. Rg1 d4 36. Qh3# 1-0

[Event "HUN-chT2 Barcza 0708"]
[Site "Hungary"]
[Date "2008.02.17"]
[Round "6"]
[White "Rizsonkov, Vlagyimir"]
[Black "Toth, Gabor"]
[Result "1-0"]
[WhiteElo "2251"]
[BlackElo "2205"]
[PlyCount "43"]
[EventDate "2007.10.14"]
[EventType "team"]
[EventRounds "11"]
[EventCountry "HUN"]
[SourceTitle "EXT 2009"]
[Source "ChessBase"]
[SourceDate "2008.11.26"]
[SourceVersion "1"]
[SourceVersionDate "2008.11.26"]
[SourceQuality "1"]
[WhiteTeam "Munkacs"]
[BlackTeam "Hajduszoboszlo"]
[WhiteTeamCountry "HUN"]
[BlackTeamCountry "HUN"]

1. e4 c5 2. Nf3 d6 3. c3 Nf6 4. e5 dxe5 5. Nxe5 a6 6. Bc4 e6 7. 0-0 Bd6 8. d4 Qc7 9. Qe2 b5 10. Bb3 Nc6 11. Nf3 cxd4 12. cxd4 Ne7 13. Nc3 Bb7 14. Bg5 Nfd5 15. Rac1 Nxc3 16. Rxc3 Qd7 17. Ne5 Bxe5 18. dxe5 Nd5 19. Rg3 Rc8 20. Rd1 h6 21. Bd2 g5 22. Qh5 1-0